La gestión del conflicto en la Universidad Complutense de Madrid : (Record no. 213958)

MARC details
000 -CABECERA
campo de control de longitud fija 02143nab a2200313 ab4500
005 - FECHA Y HORA DE LA ÚLTIMA TRANSACCIÓN
campo de control 20250903132558.0
008 - ELEMENTOS DE LONGITUD FIJA--INFORMACIÓN GENERAL
campo de control de longitud fija 250902c2024 mx qr p o 000 0 spa d
035 ## - NÚMERO DE CONTROL DEL SISTEMA
Número de control de sistema UPN01000207705
040 ## - FUENTE DE LA CATALOGACIÓN
Centro catalogador/agencia de origen MX-MxUPN
Lengua de catalogación spa
Centro/agencia transcriptor MX-MxUPN
Normas de descripción aacr2
049 ## - COLECCIÓN
Colección ART-E
100 ## - ASIENTO PRINCIPAL--NOMBRE PERSONAL
Nombre de persona Dorado Barbé, Ana Isabel
9 (RLIN) 57588
100 ## - ASIENTO PRINCIPAL--NOMBRE PERSONAL
Nombre de persona González Casas, David
9 (RLIN) 57589
100 ## - ASIENTO PRINCIPAL--NOMBRE PERSONAL
Nombre de persona De la Fuente Roldán, Iria Noa
9 (RLIN) 57590
100 ## - ASIENTO PRINCIPAL--NOMBRE PERSONAL
Nombre de persona Ducca Cisneros, Linda Vanina
9 (RLIN) 57591
245 13 - MENCIÓN DE TÍTULO
Título La gestión del conflicto en la Universidad Complutense de Madrid :
Resto del título experiencias del alumnado
Medio [recurso electrónico en línea]
506 0# - NOTA DE RESTRICCIONES AL ACCESO
Limitaciones de acceso Acceso abierto
520 3# - NOTA DE RESUMEN, ETC.
Sumario, etc. El objetivo del presente artículo es analizar las experiencias del alumnado complutense en relación con la gestión del conflicto en el contexto universitario. Para ello, se realizó un estudio cualitativo en el que se desarrollaron seis grupos focales con 45 alumnos de la Universidad Complutense de Madrid que participaron de manera voluntaria. Los resultados obtenidos muestran cómo los conflictos más habituales son los que se generan con el profesorado, los cuales son motivados, principalmente, por situaciones de poder, discriminación, conciliación laboral/universitaria, organización docente y rigidez administrativa. Asimismo, el estilo de afrontamiento más habitual es el evitativo; mientras que las propuestas de mejora derivadas de las experiencias analizadas se orientan a aumentar la participación y el protagonismo del alumnado en los sistemas de gestión de conflictos y a incluir asignaturas/competencias transversales de mediación. Perfiles educativos.
650 #0 - ASIENTO SECUNDARIO DE MATERIA - TERMINO TEMATICO
Término de materia o nombre geográfico como elemento de entrada Estudiantes universitarios
9 (RLIN) 9298
650 #4 - ASIENTO SECUNDARIO DE MATERIA - TERMINO TEMATICO
Término de materia o nombre geográfico como elemento de entrada Convivencia escolar
9 (RLIN) 22407
653 ## - TERMINO DE INDIZACION - NO CONTROLADO
Término no controlado Conflicto
653 ## - TERMINO DE INDIZACION - NO CONTROLADO
Término no controlado Estilos de afrontamiento
653 ## - TERMINO DE INDIZACION - NO CONTROLADO
Término no controlado Mediación
773 ## - ENLACE AL DOCUMENTO FUENTE/ENTRADA DE REGISTRO ANFITRIÓN
Parte(s) relacionada(s) Vol. 46, no. 185 (2024), p. 111-139
Título Perfiles educativos
Número Internacional Normalizado para Publicaciones Seriadas 2448-6167
856 4# - LOCALIZACIÓN Y ACCESO ELECTRÓNICOS
Identificador Uniforme del Recurso <a href="https://perfileseducativos.unam.mx/iisue_pe/index.php/perfiles/article/view/61505">https://perfileseducativos.unam.mx/iisue_pe/index.php/perfiles/article/view/61505</a>
856 4# - LOCALIZACIÓN Y ACCESO ELECTRÓNICOS
Identificador Uniforme del Recurso <a href="https://doi.org/10.22201/iisue.24486167e.2024.185.61505">https://doi.org/10.22201/iisue.24486167e.2024.185.61505</a>
902 ## - ELEMENTOS DE DATOS B LOCAL, LDB (RLIN)
Creó Leonor Sotres/020925
905 ## - TIPO DE MATERIAL
Tipo de material Articulo
942 ## - ELEMENTOS DE PUNTO DE ACCESO ADICIONAL (KOHA)
Tipo de ítem Koha Artículo Electrónico
Fuente del sistema de clasificación o colocación Library of Congress Classification
Holdings
Estado de retiro Estado de pérdida Estado dañado No para préstamo Código de colección Localización permanente Ubicación/localización actual Ubicación en estantería Fecha de adquisición Total de préstamos Fecha visto por última vez Identificador Uniforme del Recurso Precio válido a partir de Tipo de ítem Koha
        Acceso abierto Bib. Gregorio Torres Quintero Bib. Gregorio Torres Quintero En línea 02/09/2025   02/09/2025 https://perfileseducativos.unam.mx/iisue_pe/index.php/perfiles/article/view/61505/53606 02/09/2025 Artículo Electrónico